000 00197 a2200097 4500
001 4639
100 _aBrown,d.C
245 _aWhy teach physics
260 _a
_bM.I.T press
_c
090 _c3833
_d3833
942 _aNUST-CAE
_cM
_c30082
999 _c239712
_d239712